[Event "29th ch-BAN"]
[Site "Dhaka BAN"]
[Date "2003.03.28"]
[Round "1"]
[White "Rahman,Tai"]
[Black "Hasan,M"]
[Result "1-0"]
[WhiteElo "2300"]
[BlackElo "2211"]
[EventDate "2003.03.28"]

1. d4 d5 2. Bg5 Bf5 3. c4 c6 4. cxd5 Qxd5 5. Nc3 Qa5 6. Qd2 h6 7. Bh4 g5 8.
Bg3 Nf6 9. e4 Bg6 10. Bd3 Nfd7 11. Nge2 e5 12. h4 f6 13. O-O Bf7 14. Rfd1
Be7 15. Rac1 O-O 16. hxg5 hxg5 17. dxe5 fxe5 18. Nd5 Qd8 19. Ne3 Bxa2 20.
Qc3 Bf7 21. Bc4 Bxc4 22. Qxc4+ Kh8 23. Ng4 Qe8 24. Nxe5 Bf6 25. Ng4 Bxb2
26. Rb1 Nb6 27. Qa2 Bg7 28. Rxb6 axb6 29. Qxa8 Qxe4 30. Ne3 Be5 31. Qxb7 b5
32. Qe7 1-0

[Event "29th ch-BAN"]
[Site "Dhaka BAN"]
[Date "2003.03.28"]
[Round "1"]
[White "Rahman,SM"]
[Black "Haque,R"]
[Result "1-0"]
[WhiteElo "2182"]
[BlackElo "2148"]
[EventDate "2003.03.28"]

1. e4 d6 2. d4 Nf6 3. Nc3 c6 4. f4 Qa5 5. e5 Ne4 6. Bd3 Bf5 7. Nge2 Nxc3 8.
bxc3 Bxd3 9. Qxd3 e6 10. O-O g6 11. Ng3 d5 12. f5 gxf5 13. Nxf5 exf5 14.
Qxf5 Be7 15. Qc8+ Qd8 16. Qxb7 Nd7 17. Qxc6 O-O 18. Qxd5 Nb6 19. Qe4 Qd5
20. Qf5 Qe6 21. Rf3 Qxf5 22. Rxf5 Rfc8 23. Bd2 Nc4 24. Bh6 Rc6 25. Bg5 Bxg5
26. Rxg5+ Rg6 27. Rxg6+ hxg6 28. Rb1 Ne3 29. Kf2 Nc4 30. Ke2 Nb6 31. Kd3
Rc8 32. g3 Kf8 33. h4 Rc7 34. Rb3 Ke7 35. Ke4 Ke6 36. Ra3 Kd7 37. g4 Kc8
38. h5 gxh5 39. gxh5 Kb7 40. Kf5 Nd5 41. c4 Rxc4 42. Ke4 Ne7 43. Rf3 Kc6
44. Rxf7 Kd7 45. Kd3 Ra4 46. h6 Ra3+ 47. Ke4 Rh3 48. Rf6 Rh4+ 49. Kd3 Nc6
50. c3 Ne7 51. Kc4 Rh3 52. d5 Nc8 53. Rg6 Nb6+ 54. Kd4 Rh4+ 55. Kd3 Ke8 56.
Rd6 Nc4 57. Re6+ Kf7 58. a3 a5 59. Rf6+ Kg8 60. e6 Ne5+ 61. Kc2 Ng4 62.
Rg6+ Kf8 63. h7 1-0

[Event "29th ch-BAN"]
[Site "Dhaka BAN"]
[Date "2003.03.28"]
[Round "1"]
[White "Alam,MdM"]
[Black "Mohammad,J"]
[Result "1-0"]
[WhiteElo "2133"]
[BlackElo "2100"]
[EventDate "2003.03.28"]

1. d4 d5 2. c4 c6 3. Nc3 Nf6 4. Bg5 e6 5. Nf3 Nbd7 6. e3 Bb4 7. Nd2 h6 8.
Bh4 O-O 9. Qc2 Re8 10. Be2 dxc4 11. Nxc4 e5 12. Rd1 Qe7 13. O-O exd4 14.
Rxd4 b5 15. Re4 Qf8 16. Rxe8 Qxe8 17. Nd2 Bxc3 18. Qxc3 Bb7 19. Bf3 Qe6 20.
a3 Ne5 21. Bg3 Nxf3+ 22. Nxf3 Ne4 23. Qe5 Qxe5 24. Bxe5 c5 25. Rd1 a5 26.
Ne1 c4 27. Rd7 Nc5 28. Re7 Bd5 29. Bc3 Nb3 30. Rd7 Bc6 31. Rd6 Rc8 32. f3
Kf8 33. e4 Ke7 34. Rd1 g6 35. Kf2 Ke6 36. Nc2 Rb8 37. Ke3 Ke7 38. g4 Bd7
39. h3 Be6 40. f4 f5 41. exf5 gxf5 42. g5 h5 43. Bf6+ Kf7 44. Be5 Rc8 45.
Rd6 Nc5 46. Rb6 Nd7 47. Rxb5 Nxe5 48. Rxe5 c3 49. b4 axb4 50. axb4 Bb3 51.
Kd3 Bxc2+ 52. Kxc2 Rc4 53. Rxf5+ Ke6 54. Rf6+ Kd5 55. g6 Rxb4 56. Kxc3 1-0

[Event "29th ch-BAN"]
[Site "Dhaka BAN"]
[Date "2003.03.28"]
[Round "1"]
[White "Reefat,S"]
[Black "Murshed,N"]
[Result "1-0"]
[WhiteElo "2451"]
[BlackElo "2435"]
[EventDate "2003.03.28"]

1. e4 d6 2. d4 Nf6 3. Nc3 e5 4. dxe5 dxe5 5. Qxd8+ Kxd8 6. Bg5 Nbd7 7.
O-O-O Bd6 8. Nf3 Ke7 9. Nh4 Kf8 10. Nf5 Ne8 11. Nxd6 Nxd6 12. Nd5 Nxe4 13.
Nxc7 Rb8 14. Be3 b6 15. Nb5 a5 16. Na7 1-0

[Event "29th ch-BAN"]
[Site "Dhaka BAN"]
[Date "2003.03.28"]
[Round "1"]
[White "Islam,Kh"]
[Black "Ahmed,SN"]
[Result "1/2-1/2"]
[WhiteElo "2271"]
[BlackElo "2309"]
[EventDate "2003.03.28"]

1. Nf3 Nf6 2. d4 e6 3. c4 Bb4+ 4. Bd2 Qe7 5. g3 Nc6 6. Bg2 Ne4 7. O-O d5 8.
Be3 dxc4 9. Qc2 Nd6 10. a3 Ba5 11. Ne5 Bd7 12. Nxc6 bxc6 13. Nd2 Bxd2 14.
Bxd2 O-O 15. e4 e5 16. dxe5 Qxe5 17. Bc3 Qb5 18. a4 Qb6 19. e5 Bf5 20. Qe2
Bd3 21. Qg4 Nf5 22. Rfe1 Rad8 23. e6 fxe6 24. a5 Qc5 25. Rxe6 Nd4 26. Rxc6
Qf5 27. Qxf5 Ne2+ 28. Kh1 Rxf5 29. f4 Nxc3 30. bxc3 Rf7 31. Ra6 c5 32. Rc6
Rb7 33. Rxc5 Rb3 34. Rc1 Ra3 35. Kg1 Kf8 36. Bd5 Ra4 37. Re1 Rb8 38. Rc7
Bg6 39. f5 Be8 40. Rxa7 Rd8 41. Re5 Ra2 42. f6 gxf6 43. Re6 Bd7 44. Rxf6+
Ke7 45. Rf2 Ra1+ 46. Kg2 Kd6 47. Rd2 Ke5 48. Bxc4 Bc6+ 49. Bd5 Bxd5+ 50.
Kf2 Rf8+ 51. Ke3 Rf3+ 52. Ke2 Rxc3 53. Rxh7 Bf3+ 54. Kf2 Rxa5 55. Re7+ Kf6
56. Re3 Rxe3 57. Kxe3 Bb7 58. Rb2 Bd5 59. Kd4 Ba8 60. Rc2 Ra4+ 61. Ke3 Kg5
62. Rc8 Ra3+ 63. Kd4 Kg4 64. Rg8+ Kh3 65. Rh8+ Kg2 66. g4 Bf3 67. g5 Ra4+
68. Ke5 Rg4 69. Kf5 Ra4 70. g6 Be4+ 71. Kg5 Ra5+ 72. Kh6 Ra6 73. Rg8 Kxh2
74. Kg5 Kg3 75. g7 Ra5+ 76. Kf6 Rf5+ 77. Ke7 Rg5 78. Kf6 Rg6+ 79. Kf7 Rg4
80. Rd8 Bc2 81. Rb8 Be4 82. Rd8 Bc2 1/2-1/2

[Event "29th ch-BAN"]
[Site "Dhaka BAN"]
[Date "2003.03.29"]
[Round "2"]
[White "Hasan,M"]
[Black "Reefat,S"]
[Result "1/2-1/2"]
[WhiteElo "2211"]
[BlackElo "2451"]
[EventDate "2003.03.28"]

1. e4 e6 2. d4 d5 3. Nc3 Nf6 4. Bg5 Bb4 5. e5 h6 6. Bd2 Bxc3 7. bxc3 Ne4 8.
Qg4 Kf8 9. h4 c5 10. Rh3 Nc6 11. Bd3 Nxd2 12. Kxd2 c4 13. Be2 b5 14. Qf4
Bd7 15. Bh5 Be8 16. Ne2 a5 17. g4 Ne7 18. g5 g6 19. Bg4 h5 20. Bxe6 Ra6 21.
Qf6 Rh7 22. Nf4 Kg8 23. Rf3 Rb6 24. Rb1 a4 25. a3 Rg7 26. Re1 Kh8 27. Bh3
Rxf6 28. exf6 Nc6 29. fxg7+ Kxg7 30. Be6 Qd6 31. Bxd5 Ne7 32. Rxe7 Qxe7 33.
Re3 Qd6 34. Re5 Bd7 35. Be4 Qxa3 36. Nd5 Qd6 37. Nf6 a3 38. Kc1 a2 39. Kb2
b4 40. Ra5 bxc3+ 41. Kxc3 Qb8 42. Rxa2 Qb1 43. Ra8 Qe1+ 44. Kxc4 Qe2+ 45.
Bd3 Bb5+ 46. Kxb5 Qxd3+ 1/2-1/2

[Event "29th ch-BAN"]
[Site "Dhaka BAN"]
[Date "2003.03.29"]
[Round "2"]
[White "Murshed,N"]
[Black "Rahman,SM"]
[Result "1-0"]
[WhiteElo "2435"]
[BlackElo "2182"]
[EventDate "2003.03.28"]

1. Nf3 d5 2. d4 e6 3. c4 c6 4. e3 Nf6 5. Be2 Nbd7 6. Nc3 Bd6 7. Qc2 O-O 8.
O-O dxc4 9. a4 e5 10. Bxc4 exd4 11. exd4 a5 12. Bg5 Nb6 13. Ba2 h6 14. Bh4
Be7 15. Rae1 Nbd5 16. Nxd5 cxd5 17. Ne5 g5 18. Bg3 Kg7 19. Bb1 Rh8 20. Re3
Ne4 21. Qe2 f5 22. f3 Nxg3 23. hxg3 Bb4 24. g4 Rf8 25. f4 fxg4 26. fxg5
Qxg5 27. Rxf8 Bxf8 28. Qd3 Be6 29. Qh7+ Kf6 30. Re1 Bg7 31. Rf1+ Ke7 32.
Ng6+ Kd6 33. Qxg7 Rc8 34. Qe5+ Qxe5 35. dxe5+ Kc5 36. Nf4 Re8 37. Kf2 Kd4
38. Rd1+ Kxe5 39. Nxe6 Rxe6 40. Re1+ Kd6 41. Rxe6+ Kxe6 42. Kg3 1-0

[Event "29th ch-BAN"]
[Site "Dhaka BAN"]
[Date "2003.03.29"]
[Round "2"]
[White "Alam,MdM"]
[Black "Rahman,Zia"]
[Result "1-0"]
[WhiteElo "2133"]
[BlackElo "2542"]
[EventDate "2003.03.28"]

1. d4 e6 2. c4 b6 3. Nc3 Bb7 4. e4 Bb4 5. Bd3 Bxc3+ 6. bxc3 Ne7 7. Ne2 d6
8. O-O O-O 9. Qc2 c5 10. d5 e5 11. f4 Nd7 12. f5 f6 13. Rf3 g6 14. Ng3 Rf7
15. Be3 Bc8 16. Raf1 g5 17. Nh1 Nf8 18. Nf2 Rg7 19. Rh3 Kf7 20. Qe2 Ng8 21.
Ng4 Bd7 22. Nh6+ Nxh6 23. Rxh6 Be8 24. Qg4 a6 25. h4 gxh4 26. Qxh4 b5 27.
Be2 Ra7 28. Bh5+ Kg8 29. Bxe8 Qxe8 30. Rxf6 h5 31. Rxd6 Rg4 32. Qd8 Qxd8
33. Rxd8 Rd7 34. Rc8 Kf7 35. Bxc5 Nh7 36. cxb5 axb5 37. d6 Nf6 38. Bb4 Rxe4
39. Rb8 Re2 40. Rxb5 Ng4 41. a4 Kf6 42. Bc5 h4 43. Rb4 e4 44. Bd4+ Kf7 45.
Rc4 Rxd6 46. Rc7+ Ke8 47. f6 1-0

[Event "29th ch-BAN"]
[Site "Dhaka BAN"]
[Date "2003.03.30"]
[Round "3"]
[White "Reefat,S"]
[Black "Ahmed,SN"]
[Result "1-0"]
[WhiteElo "2451"]
[BlackElo "2309"]
[EventDate "2003.03.28"]

1. e4 c5 2. Nc3 d6 3. f4 Nc6 4. Nf3 e6 5. Bb5 Bd7 6. O-O a6 7. Bxc6 Bxc6 8.
d4 cxd4 9. Nxd4 Qc7 10. f5 e5 11. Nxc6 bxc6 12. Qd3 Nf6 13. Bg5 Nd7 14. f6
g6 15. Rad1 h6 16. Be3 g5 17. Qc4 Qb7 18. a4 a5 19. Nb1 Qa6 20. Nd2 c5 21.
Qd5 Nb6 22. Qc6+ Nd7 23. Qd5 Nb6 24. Qc6+ Nd7 25. Qxa6 Rxa6 26. Nc4 Rg8 27.
Rf5 Rg6 28. Rdf1 Nb6 29. b3 Nxc4 30. bxc4 Rb6 31. Bd2 Kd7 32. Bc3 Ke6 33.
g4 Ra6 34. Kg2 Rb6 35. Kg3 Rb8 36. Kg2 Rb7 37. R5f3 Rb8 38. Kg3 Rb7 39. h3
Rb8 40. R1f2 Rb7 41. Kg2 Rb8 42. Kf1 Rb7 43. Ke2 Rb8 44. Rf1 Rb7 45. Kd2
Rb8 46. Kd3 Rb7 47. R3f2 Rb8 48. Kd2 Rb7 49. Kc1 Rb8 50. Rf5 Rb7 51. R5f3
Rb8 52. Bd2 Rb7 53. Rb3 Rxb3 54. cxb3 Rxf6 55. Rxf6+ Kxf6 56. Bxa5 Ke6 57.
Bd8 Kd7 58. Bf6 Kc6 59. Kb2 Kb6 60. Ka3 Ka5 61. Bd8+ Ka6 62. a5 Kb7 63. Ka4
Ka6 64. Bf6 d5 65. cxd5 Bd6 66. Bd8 Bf8 67. Bc7 1-0

[Event "29th ch-BAN"]
[Site "Dhaka BAN"]
[Date "2003.03.30"]
[Round "3"]
[White "Islam,Kh"]
[Black "Abdulla,Al"]
[Result "1-0"]
[WhiteElo "2271"]
[BlackElo "2405"]
[EventDate "2003.03.28"]

1. d4 Nf6 2. c4 d6 3. Nc3 Nbd7 4. Nf3 e5 5. e4 Be7 6. Be2 O-O 7. O-O c6 8.
Qc2 Qc7 9. Re1 a6 10. Bf1 b5 11. Ne2 Re8 12. Ng3 Bb7 13. h3 Rac8 14. Be3
Qb8 15. dxe5 dxe5 16. c5 g6 17. Ne2 a5 18. a4 Nh5 19. Nc1 Ng7 20. Nb3 Ne6
21. Red1 Rc7 22. Rdc1 Ba6 23. axb5 Bxb5 24. Rxa5 Bxf1 25. Rxf1 Rb7 26. Nfd2
Rb4 27. Rfa1 Nd4 28. Bxd4 exd4 29. Ra7 Ne5 30. f4 d3 31. Qc3 Nc4 32. Ra8
Nxd2 33. Nxd2 Rxb2 34. Rxb8 Rexb8 35. Kh2 Rc2 36. Qxd3 Rbb2 37. Nf3 Rxg2+
38. Kh1 Rg3 39. Qf1 Rb3 40. Ra8+ Kg7 41. Qa1+ Kh6 42. Ng5 f6 43. Ra7 fxg5
44. Rxe7 Rxh3+ 45. Kg2 Rbg3+ 46. Kf2 gxf4 47. Qg7+ Kh5 48. Qxh7+ 1-0

[Event "29th ch-BAN"]
[Site "Dhaka BAN"]
[Date "2003.03.30"]
[Round "3"]
[White "Rahman,SM"]
[Black "Hasan,M"]
[Result "1/2-1/2"]
[WhiteElo "2182"]
[BlackElo "2211"]
[EventDate "2003.03.28"]

1. e4 c5 2. Nf3 Nc6 3. d4 cxd4 4. Nxd4 Qc7 5. Nc3 e6 6. Be2 a6 7. Be3 Nf6
8. O-O d6 9. f4 Be7 10. Qe1 O-O 11. Qg3 Nxd4 12. Bxd4 b5 13. e5 dxe5 14.
fxe5 Bc5 15. Qe3 Nd7 16. Bf3 Rb8 17. Bxc5 Qxc5 18. Qxc5 Nxc5 19. b4 Nd7 20.
Rfe1 Bb7 21. Rad1 Nb6 22. Bxb7 Rxb7 23. Rd6 Ra8 24. Red1 Kf8 25. Rd8+ Rxd8
26. Rxd8+ Ke7 27. Rd6 f5 28. Ne2 Nd5 29. Nd4 Rb6 30. Nxf5+ exf5 31. Rxd5
Rg6 32. Kf2 Rg4 33. c3 Re4 34. Rc5 Ke6 35. Rc6+ Kxe5 36. Rxa6 Kd5 37. Rb6
Kc4 38. Rc6+ Kd3 39. Rc5 Re2+ 40. Kf3 Rxa2 41. Rxb5 Kxc3 42. Rb7 g6 43.
Rxh7 Kxb4 44. Rh6 g5 45. h3 Ra3+ 46. Kf2 Ra2+ 47. Kg1 Ra5 48. Rg6 f4 49.
Rc6 Rc5 50. Rf6 Kc4 51. h4 gxh4 52. Rxf4+ Kd5 53. Rxh4 Ke6 54. Rf4 Rf5
1/2-1/2

[Event "29th ch-BAN"]
[Site "Dhaka BAN"]
[Date "2003.03.30"]
[Round "3"]
[White "Haque,R"]
[Black "Murshed,N"]
[Result "0-1"]
[WhiteElo "2148"]
[BlackElo "2435"]
[EventDate "2003.03.28"]

1. Nf3 Nf6 2. d3 d5 3. Bg5 Nbd7 4. Nbd2 g6 5. e4 Bg7 6. c3 O-O 7. Be2 c6 8.
O-O h6 9. Bh4 Nh5 10. Re1 Nf4 11. Bf1 dxe4 12. dxe4 Nc5 13. Qc2 Qc7 14. Bg3
e5 15. b4 Nd7 16. a4 Rd8 17. Nc4 Nb6 18. Ne3 a5 19. Reb1 Bf8 20. bxa5 Nd7
21. Nc4 Bg7 22. Rd1 Rf8 23. Qd2 g5 24. Qd6 Qxd6 25. Rxd6 Nc5 26. Nfxe5 Nxe4
27. Rd4 Nxc3 28. Bxf4 gxf4 29. Rxf4 Bxe5 30. Nxe5 Rxa5 31. Ng4 Kg7 32. Ra3
Nd5 33. Rd4 Bf5 34. Rg3 Bg6 35. Bd3 Rfa8 36. Ne3 Rxa4 37. Rxa4 Rxa4 38. h4
Nxe3 39. Rxe3 Ra3 0-1

[Event "29th ch-BAN"]
[Site "Dhaka BAN"]
[Date "2003.03.31"]
[Round "4"]
[White "Abdulla,Al"]
[Black "Rahman,Tai"]
[Result "1-0"]
[WhiteElo "2405"]
[BlackElo "2300"]
[EventDate "2003.03.28"]

1. d4 d5 2. c4 e6 3. Nf3 Nf6 4. Nc3 Be7 5. Bg5 h6 6. Bxf6 Bxf6 7. Qb3 c6 8.
g3 O-O 9. Bg2 Nd7 10. O-O b6 11. e4 Ba6 12. exd5 exd5 13. cxd5 Bxf1 14.
Rxf1 c5 15. Rd1 cxd4 16. Nxd4 Nc5 17. Qc4 Rc8 18. Nc6 Qd7 19. Bf3 Bxc3 20.
Qxc3 a5 21. b4 Nb7 22. Qd4 axb4 23. Qxb6 Rfe8 24. Qxb4 Nd6 25. a4 Rc7 26.
a5 Rb7 27. Qf4 Rb2 28. a6 Ra2 29. a7 Nc8 30. d6 Nxa7 31. Ne7+ Rxe7 32. dxe7
Qxe7 33. Qb8+ 1-0

[Event "29th ch-BAN"]
[Site "Dhaka BAN"]
[Date "2003.03.31"]
[Round "4"]
[White "Alam,MdM"]
[Black "Islam,Kh"]
[Result "1/2-1/2"]
[WhiteElo "2133"]
[BlackElo "2271"]
[EventDate "2003.03.28"]

1. d4 d5 2. c4 c6 3. Nc3 Nf6 4. Bg5 e6 5. e3 Be7 6. Nf3 Nbd7 7. Qc2 O-O 8.
cxd5 exd5 9. Bd3 Re8 10. O-O g6 11. Rfe1 Nh5 12. Bxe7 Rxe7 13. b4 1/2-1/2

[Event "29th ch-BAN"]
[Site "Dhaka BAN"]
[Date "2003.03.31"]
[Round "4"]
[White "Ahmed,SN"]
[Black "Rahman,SM"]
[Result "1-0"]
[WhiteElo "2309"]
[BlackElo "2182"]
[EventDate "2003.03.28"]

1. e4 c5 2. Nf3 Nc6 3. g3 g6 4. d4 cxd4 5. Nxd4 Bg7 6. Ne2 Nf6 7. Bg2 O-O
8. O-O d6 9. Nbc3 Rb8 10. a4 a6 11. Nd5 b5 12. axb5 axb5 13. Bg5 Nd7 14.
Qc1 Re8 15. Rd1 Nc5 16. Bh6 Bh8 17. Be3 Bg4 18. f3 Bd7 19. Nd4 Ne5 20. Ra7
Rb7 21. Qa1 e6 22. Rxb7 Nxb7 23. Nb4 Qa8 24. b3 Bf6 25. Qxa8 Rxa8 26. Bf1
Nc5 27. Kg2 Rb8 28. h3 g5 29. Ra1 h5 30. Ra7 g4 31. hxg4 hxg4 32. f4 Ng6
33. Na6 Nxa6 34. Rxa6 e5 35. Nc6 Rb7 36. f5 Nf8 37. Bd3 Kg7 38. Na5 Rc7 39.
Rxd6 Be7 40. Ra6 Bb4 41. Ra8 Nh7 42. Bb6 Rc3 43. Ra7 Nf6 44. Rc7 Bxa5 45.
Bxa5 Bc6 46. Bxc3 1-0

[Event "29th ch-BAN"]
[Site "Dhaka BAN"]
[Date "2003.03.31"]
[Round "4"]
[White "Hossain,P"]
[Black "Reefat,S"]
[Result "0-1"]
[WhiteElo "2217"]
[BlackElo "2451"]
[EventDate "2003.03.28"]

1. e4 e6 2. d4 d5 3. Nc3 Nf6 4. e5 Nfd7 5. Nce2 c5 6. c3 Nc6 7. f4 b5 8. a3
a5 9. Nf3 Ba6 10. h4 b4 11. axb4 axb4 12. Kf2 Bxe2 13. Rxa8 Bxd1 14. Rxd8+
Nxd8 15. Bb5 Bxf3 16. Kxf3 cxd4 17. cxd4 Nb7 18. Bd2 Kd8 19. Ra1 Nb8 20. f5
Be7 21. f6 gxf6 22. exf6 Bd6 23. Bh6 Kc7 24. Rc1+ Kb6 25. Ba4 Na5 26. g4
Nbc6 27. Be3 Nc4 28. g5 Ra8 29. b3 Rxa4 30. bxc4 Bf8 31. cxd5 exd5 32. h5
Kb5 33. Kg4 Ra3 34. Bg1 b3 35. Rb1 Na5 36. Be3 Ra2 37. Kf5 Rh2 38. Bf4 Rf2
39. Ke5 b2 40. Kxd5 Nc4 41. g6 fxg6 42. hxg6 hxg6 43. Bc1 Rf1 0-1

[Event "29th ch-BAN"]
[Site "Dhaka BAN"]
[Date "2003.03.31"]
[Round "4"]
[White "Mohammad,J"]
[Black "Murshed,N"]
[Result "0-1"]
[WhiteElo "2100"]
[BlackElo "2435"]
[EventDate "2003.03.28"]

1. e4 d6 2. d4 g6 3. Nc3 c6 4. Be3 Bg7 5. Qd2 b5 6. h4 Nf6 7. f3 Qa5 8.
Nge2 h5 9. Ng3 Nbd7 10. d5 b4 11. Nce2 cxd5 12. Nd4 dxe4 13. fxe4 Ng4 14.
Nc6 Qa4 15. Nd4 Nxe3 16. Qxe3 b3 17. Nxb3 Bxb2 18. Rd1 Qb4+ 19. Nd2 Bd4 20.
Qb3 Qc5 21. Bc4 Bf2+ 22. Kf1 Ne5 23. Qb5+ Bd7 24. Qxc5 Bxc5 25. Be2 Ng4 26.
Bxg4 Bxg4 27. Rb1 O-O 28. Nf3 Be6 29. a4 Bb6 30. Ke2 Rac8 31. Rb2 Ba5 32.
Rc1 Rc7 33. Nd2 Bc3 34. Rb5 Bd7 0-1

[Event "29th ch-BAN"]
[Site "Dhaka BAN"]
[Date "2003.03.31"]
[Round "5"]
[White "Haque,R"]
[Black "Ahmed,SN"]
[Result "0-1"]
[WhiteElo "2148"]
[BlackElo "2309"]
[EventDate "2003.03.28"]

1. Nf3 Nf6 2. d3 Nc6 3. Bg5 e5 4. Nbd2 d5 5. c3 Be7 6. e4 O-O 7. Be2 Be6 8.
O-O Nd7 9. Be3 f5 10. exf5 Rxf5 11. Qb3 Nb6 12. d4 e4 13. Ne5 Nxe5 14. dxe5
Qd7 15. Bg4 Rf7 16. Bxe6 Qxe6 17. Nxe4 Qxe5 18. Nc5 Bd6 19. g3 c6 20. Qc2
Nc4 21. Bd4 Qh5 22. b3 Bxc5 23. Bxc5 Ne5 24. f4 Nd7 25. Bf2 Nf6 26. Rae1 b6
27. c4 Ng4 28. h4 Nxf2 29. Rxf2 Rd8 30. Re5 Qg4 31. Rg5 Qd7 32. h5 h6 33.
Re5 d4 34. Qd3 c5 35. Rfe2 Rdf8 36. Qe4 Qg4 37. Qg2 Rf5 38. Re7 Rxh5 39.
Rxa7 Rhf5 40. Rf2 d3 41. Rd2 Re8 42. Qf3 Qh3 43. Qg2 Rxf4 0-1

[Event "29th ch-BAN"]
[Site "Dhaka BAN"]
[Date "2003.03.31"]
[Round "5"]
[White "Hossain,Enam"]
[Black "Mohammad,J"]
[Result "1-0"]
[WhiteElo "2451"]
[BlackElo "2100"]
[EventDate "2003.03.28"]

1. e4 c5 2. Nf3 Nc6 3. d4 cxd4 4. Nxd4 Nf6 5. Nc3 d6 6. Bg5 e6 7. Qd2 a6 8.
O-O-O h6 9. Nxc6 bxc6 10. Bf4 d5 11. Qe3 Qa5 12. Be2 Bb4 13. Be5 Bxc3 14.
Bxc3 Qxa2 15. f3 O-O 16. g4 Rd8 17. g5 d4 18. Rxd4 Rxd4 19. Qxd4 Qa1+ 20.
Kd2 Qxh1 21. Qd8+ Kh7 22. gxf6 Bb7 23. Qe7 c5 24. fxg7 Qg2 25. Qf8 Qg5+ 26.
Ke1 e5 27. Bxe5 Rxf8 28. gxf8=Q Qxe5 29. Qxf7+ Qg7 30. Qxg7+ Kxg7 31. Kf2
1-0

[Event "29th ch-BAN"]
[Site "Dhaka BAN"]
[Date "2003.03.31"]
[Round "5"]
[White "Rahman,Tai"]
[Black "Alam,MdM"]
[Result "0-1"]
[WhiteElo "2300"]
[BlackElo "2133"]
[EventDate "2003.03.28"]

1. d4 d5 2. c4 c6 3. Nf3 e6 4. Nc3 Nf6 5. Bg5 Nbd7 6. e3 Bb4 7. cxd5 cxd5
8. Qb3 Qa5 9. Nd2 a6 10. Bd3 O-O 11. O-O h6 12. Bh4 Bd6 13. f4 b5 14. Nf3
Bb7 15. Ne5 Rfe8 16. Qd1 Be7 17. Rf3 Qb4 18. Be1 Qd6 19. Rg3 Bf8 20. Rc1
Rac8 21. Bb1 Nb6 22. Rf3 b4 23. Ne2 Rxc1 24. Nxc1 Ne4 25. Nb3 Qc7 26. Nd3
Nc4 27. Bxb4 Bxb4 28. Nxb4 Nxb2 29. Qc2 Qxc2 30. Bxc2 Rc8 31. Bxe4 dxe4 32.
Rf1 Rc3 33. Na5 Bd5 34. Rb1 Nd3 35. Nxd5 exd5 36. g4 Rc2 37. Rb6 Re2 38.
Nc6 Rxe3 39. Ne7+ Kh7 40. Nxd5 Re1+ 41. Kg2 Re2+ 42. Kg3 Rxa2 43. Rb7 Ra3
44. Kg2 Ra5 45. Rd7 Rxd5 0-1

[Event "29th ch-BAN"]
[Site "Dhaka BAN"]
[Date "2003.03.31"]
[Round "5"]
[White "Reefat,S"]
[Black "Abdulla,Al"]
[Result "1/2-1/2"]
[WhiteElo "2451"]
[BlackElo "2405"]
[EventDate "2003.03.28"]

1. e4 Nf6 2. e5 Nd5 3. d4 d6 4. Nf3 dxe5 5. Nxe5 g6 6. Bc4 c6 7. O-O Bg7 8.
Bb3 O-O 9. Re1 Be6 10. c3 Nd7 11. Nf3 Bg4 12. Nbd2 e6 13. h3 Bxf3 14. Nxf3
b5 15. Bg5 Qc7 16. Bh4 Qb7 17. Bg3 Rfd8 18. Ng5 N7f6 19. Qf3 h6 20. Ne4
Nxe4 21. Rxe4 b4 22. c4 Ne7 23. Rae1 Rxd4 24. Rxd4 Bxd4 25. Bf4 Bxb2 26.
Bxh6 Nf5 27. Bg5 Bg7 28. h4 Nd4 29. Qg4 f5 30. Qg3 c5 31. Be3 Kf7 32. Bd1
Rh8 33. Bxd4 Bxd4 34. h5 g5 35. Bf3 Qe7 36. Bd5 Rh6 37. Qf3 Rf6 38. Rxe6
Rxe6 39. Qxf5+ Qf6 40. Bxe6+ Kg7 41. Kf1 a5 42. Qxf6+ Kxf6 43. Bd7 Ke5
1/2-1/2

[Event "29th ch-BAN"]
[Site "Dhaka BAN"]
[Date "2003.04.01"]
[Round "6"]
[White "Alam,MdM"]
[Black "Reefat,S"]
[Result "0-1"]
[WhiteElo "2133"]
[BlackElo "2451"]
[EventDate "2003.03.28"]

1. d4 e6 2. c4 b6 3. Nc3 Bb7 4. e4 Bb4 5. Bd3 f5 6. Qc2 Nf6 7. d5 fxe4 8.
Bxe4 Bxc3+ 9. bxc3 Nxe4 10. Qxe4 O-O 11. Be3 Na6 12. Nf3 Nc5 13. Qd4 Rf5
14. Qg4 Qf6 15. O-O exd5 16. Bd4 Qg6 17. Qxg6 hxg6 18. cxd5 Bxd5 19. Ne5 g5
20. Rfe1 Ne6 21. g4 Rf4 22. h3 d6 23. Nc6 Rf7 24. Nb4 Bc4 25. Be3 Rf3 26.
Kg2 Raf8 27. Nc6 R3f7 28. Nd4 Nf4+ 29. Kg3 g6 30. a4 Nd3 31. Re2 Nc5 32.
Rc2 Ne4+ 33. Kg2 c5 34. Nb5 a6 35. Na3 Bd5 36. Kg1 Rh7 37. Kh2 Rf3 38. Kg2
Rfxh3 39. f3 Rg3+ 0-1

[Event "29th ch-BAN"]
[Site "Dhaka BAN"]
[Date "2003.04.01"]
[Round "6"]
[White "Abdulla,Al"]
[Black "Rahman,SM"]
[Result "1-0"]
[WhiteElo "2405"]
[BlackElo "2182"]
[EventDate "2003.03.28"]

1. d4 Nf6 2. c4 e6 3. Bg5 b6 4. Nc3 Be7 5. Qc2 Bb7 6. e4 Nc6 7. Nf3 Nb4 8.
Qb1 c5 9. a3 Nc6 10. d5 Nd4 11. Be3 Nb3 12. Ra2 Ng4 13. Bf4 Nd4 14. Qd1
Nxf3+ 15. gxf3 g5 16. Bg3 Nh6 17. d6 Bf6 18. Qd2 Ng8 19. Be2 h6 20. Bd3 Bg7
21. Ke2 Qf6 22. Qe3 e5 23. Nb5 Kf8 24. b4 h5 25. bxc5 h4 26. cxb6 hxg3 27.
bxa7 g2 28. Rg1 Rxh2 29. Qb6 g4 30. Qxb7 Qxf3+ 31. Kd2 Bh6+ 32. Kc3 Rxa7
33. Nxa7 Rh3 34. Qb1 Nf6 35. Kb4 Qxd3 36. Qxd3 Rxd3 37. Re2 Nh5 38. Nb5
Bd2+ 39. Rxd2 Rxd2 40. Rxg2 g3 41. Rxg3 Nxg3 42. fxg3 Ke8 43. a4 Kd8 44. a5
Kc8 45. a6 Ra2 46. Nc7 Kb8 47. Kb5 Ka7 48. c5 Rc2 49. g4 Rc1 50. g5 Re1 51.
Ne8 Rb1+ 52. Kc4 Kxa6 53. Nf6 Rb7 54. Ng4 Rb8 55. Nxe5 Rg8 56. Nxd7 Rxg5
57. c6 Rg8 58. Kd5 Rg5+ 59. e5 Rg8 60. Nf6 Kb5 61. Nxg8 1-0

[Event "29th ch-BAN"]
[Site "Dhaka BAN"]
[Date "2003.04.01"]
[Round "6"]
[White "Ahmed,SN"]
[Black "Murshed,N"]
[Result "0-1"]
[WhiteElo "2309"]
[BlackElo "2435"]
[EventDate "2003.03.28"]

1. e4 g6 2. d4 Bg7 3. Nc3 d6 4. Nf3 Nf6 5. Be2 O-O 6. O-O c6 7. Re1 Qc7 8.
Bf4 Nbd7 9. e5 Nh5 10. Bg5 f6 11. exf6 exf6 12. Be3 d5 13. Qd2 f5 14. Bg5
Nhf6 15. Bf4 Qd8 16. Ng5 Nb6 17. Bf1 Ne4 18. Qe3 Nxg5 19. Bxg5 Bxd4 20.
Bxd8 Bxe3 21. Be7 Bd2 22. Bxf8 Bxe1 23. Bb4 Bxc3 24. Bxc3 Be6 25. a4 Kf7
26. a5 Nd7 27. Ra4 Rc8 28. Rb4 Rc7 29. Bd2 b5 30. axb6 axb6 31. Ra4 b5 32.
Ra8 d4 33. h4 Nb6 34. Ra6 Nd5 35. Ba5 Rc8 36. Ra7+ Kg8 37. c3 dxc3 38. bxc3
Nf6 39. Be2 Bd5 40. f3 Nh5 41. Kf2 Re8 42. Bb6 f4 43. Bd4 Ng3 44. Bd3 Nh1+
45. Kf1 Bc4 46. Bxc4+ bxc4 47. Ra2 Ng3+ 48. Kf2 h6 49. Bc5 Kf7 50. Bd6 g5
51. hxg5 hxg5 52. Bc5 Rb8 53. Ke1 Rb1+ 54. Kd2 Ke6 55. Kc2 Rh1 56. Kb2 Nf5
57. Ka3 Rb1 58. Re2+ Kd5 59. Ka2 Rb3 60. Bb4 c5 61. Ba5 Nd6 62. Bd8 Nb5 63.
Re1 Nxc3+ 64. Ka1 Kd4 65. Bf6+ Kd3 66. Bxc3 Rxc3 67. Rd1+ Kc2 0-1

[Event "29th ch-BAN"]
[Site "Dhaka BAN"]
[Date "2003.04.01"]
[Round "6"]
[White "Mohammad,J"]
[Black "Hasan,M"]
[Result "0-1"]
[WhiteElo "2100"]
[BlackElo "2211"]
[EventDate "2003.03.28"]

1. e4 c5 2. Nf3 Nc6 3. d4 cxd4 4. Nxd4 Qc7 5. Nc3 e6 6. Be2 a6 7. Be3 Nf6
8. O-O Be7 9. f4 d6 10. Bf3 O-O 11. a4 Re8 12. Kh1 Bd7 13. Qe1 Bf8 14. Nxc6
Bxc6 15. a5 Nd7 16. Qg3 b5 17. Bd4 b4 18. Nd1 e5 19. fxe5 dxe5 20. Ne3 Kh8
21. Bg4 f6 22. Nd5 Bxd5 23. exd5 Bd6 24. Qh3 Nf8 25. Bb6 Qf7 26. Rad1 g6
27. c4 Qe7 28. Qe3 f5 29. c5 fxg4 30. cxd6 Qg7 31. Rc1 Nd7 32. Rc7 Rf8 33.
Re1 Rf7 34. Qg5 Raf8 35. Kg1 h5 36. Ra7 Kh7 37. Rxa6 Rf5 38. Qe3 Qf7 39. g3
Nxb6 40. axb6 0-1

[Event "29th ch-BAN"]
[Site "Dhaka BAN"]
[Date "2003.04.01"]
[Round "6"]
[White "Hossain,Enam"]
[Black "Islam,Kh"]
[Result "1-0"]
[WhiteElo "2451"]
[BlackElo "2271"]
[EventDate "2003.03.28"]

1. e4 e5 2. Bc4 Nf6 3. d3 Nc6 4. Nc3 Bb4 5. Nge2 Be7 6. O-O O-O 7. Kh1 Na5
8. f4 d6 9. f5 c6 10. a3 Nxc4 11. dxc4 b6 12. Qd3 Ba6 13. Bg5 Ne8 14. Bxe7
Qxe7 15. a4 Qh4 16. b3 Nf6 17. Qf3 Rfd8 18. Rad1 Rd7 19. Nc1 Rad8 20. Nd3
h5 21. h3 Qg5 22. Rf2 Re8 23. Rfd2 Bb7 24. Nf2 d5 25. cxd5 cxd5 26. exd5
Qh4 27. Nfe4 Red8 28. Nxf6+ gxf6 29. Qe4 Qg5 30. Ne2 Kh7 31. c4 Rg8 32. Rd3
Rdd8 33. Kh2 Bc8 34. Rf1 Qh6 35. Rg3 Rg5 36. Rxg5 Qxg5 37. Qf3 Kh6 38. Ng3
Rg8 39. Ne4 Qg7 40. Rf2 Bd7 41. Qe2 Bc8 42. Rf3 Bd7 43. Rg3 1-0